000 00412nam a2200169Ia 4500
001 30148
003 IN-NITTTR
005 20251114233408.0
008 251113s9999||||xx |||||||||||||| ||eng||
040 _beng
040 _cIN-NITTTR
041 _aeng
082 _a621.381045 B1S
100 _aBhattacharya, Pallab
245 0 _aSemiconductor optoelectronic device /
_cBhattacharya, Pallab
942 _2ddc
_cBK
999 _c32776
_d32776